[Event "Mecklenburg VP-ch U12"]
[Site "Malchow"]
[Date "2019.02.03"]
[Round "2.7"]
[White "Ivanov, Alexander4444"]
[Black "Bieschke, Tom"]
[Result "0-1"]
[WhiteElo "1292"]
[BlackElo "969"]
[PlyCount "124"]
[EventDate "2019.02.02"]
[EventType "swiss"]
[EventRounds "7"]
[EventCountry "GER"]
[SourceTitle "EXT 2022"]
[Source "ChessBase"]
[SourceDate "2021.10.06"]
[SourceVersion "1"]
[SourceVersionDate "2021.10.06"]
[SourceQuality "1"]

1. d4 Nf6 2. c4 d6 3. Nc3 g6 4. Nf3 Bg7 5. Bg5 Bg4 6. e3 Nbd7 7. Be2 h6 8. Bxf6 Nxf6 9. 0-0 Qd7 10. Qb3 b6 11. d5 0-0 12. Nd4 Bxe2 13. Ncxe2 Ne4 14. Qc2 f5 15. Ne6 Rf7 16. N2f4 Rf6 17. Nxg7 Kxg7 18. Ne6+ Kg8 19. f4 Nc5 20. Nxc5 dxc5 21. Rf3 Kg7 22. e4 e6 23. dxe6 Qxe6 24. e5 Rf7 25. Rd1 Rd7 26. Rfd3 Rxd3 27. Qxd3 Re8 28. Qd7+ Kf8 29. Qxc7 Re7 30. Qd8+ Re8 31. Qc7 Re7 32. Qb8+ Re8 33. Qxa7 Qxc4 34. Qxb6 Qe4 35. Qxc5+ Re7 36. b4 Qxf4 37. Rd7 Qg5 38. b5 Kf7 39. b6 Rxd7 40. e6+ Kxe6 41. Qc6+ Rd6 42. Qc4+ Kf6 43. Qc3+ Kf7 44. Qc4+ Re6 45. Qc7+ Qe7 46. Qc4 Qd7 47. Qb3 Qd4+ 48. Kf1 Qxb6 49. Qxb6 Rxb6 50. Ke2 Ra6 51. a4 Rxa4 52. Kf3 Kf6 53. g4 Rxg4 54. h3 Ra4 55. Kg3 g5 56. h4 gxh4+ 57. Kh3 f4 58. Kh2 Ra3 59. Kg2 h3+ 60. Kh2 f3 61. Kg1 Ra2 62. Kf1 h2 0-1